000
00323nam a2200133Ia 4500
005
20260326235457.0
008
260326s9999||||xx |||||||||||||| ||und||
100
_a
Mendoza Riaño, Consuelo
245
0
_a
Asi es Bogotá /
_c
Consuelo Mendoza Riaño
260
_b
Gamma
300
_a
319 p.
650
_a
COLOMBIA
942
_c
BK
999
_c
7960
_d
7960